| 000 | 01115cac a22002891u 4500 | ||
|---|---|---|---|
| 090 | _c7090 | ||
| 008 | 090105t 1999xxu||||| |||| 00| 0 eng d | ||
| 010 | _a 98028009 | ||
| 020 | _a0030223784 (hardcover) | ||
| 082 | 0 | 0 |
_a658.049 _bCZI |
| 100 | _aCzinkota, Michael R. | ||
| 245 | 1 | 0 |
_aInternational business / _cMichael R. Czinkota, Ilkka A. Ronkainen, Michael H. Moffett. |
| 250 | _a5th ed. | ||
| 260 |
_aFort Worth : _bDryden Press, _cc1999. |
||
| 260 | _bDistributer: Al-Ahram. | ||
| 300 |
_axxix, 856 p. : _bcol. ill., col. maps ; _c26 cm. |
||
| 440 | 4 | _aThe Dryden Press series in management | |
| 504 | _aIncludes bibliographical references and indexes. | ||
| 650 | 0 | _aInternational trade. | |
| 650 | 0 | _aInternational finance. | |
| 650 | 0 | _aInvestments, Foreign. | |
| 650 | 0 | _aInternational business enterprises. | |
| 700 | 1 | _aRonkainen, Ilkka A. | |
| 700 | 1 | _aMoffett, Michael H. | |
| 942 |
_cBB _k658.049CZI _2ddc |
||
| 999 |
_c7090 _d7090 |
||